Pro Wrestlers by Picture #3 - Statistics

General Stats
  • This quiz has been taken 231 times
  • The average score is 15 of 20
Answer Stats
Picture Answer % Correct
Goldust
95%
Mick Foley
94%
Bray Wyatt
90%
Kevin Owens
89%
Chyna
87%
Bobby Lashley
86%
Kevin Nash
84%
Asuka
83%
Dusty Rhodes
83%
Rowdy Roddy Piper
83%
Bianca Belair
81%
Owen Hart
77%
Scott Hall
77%
Adam Cole
67%
Arn Anderson
65%
Ricky Steamboat
64%
Darby Allin
61%
Ted DiBiase
59%
"Hangman" Adam Page
53%
Antonio Inoki
48%
No matching quizzes found
Score Distribution
Percent of People with Each Score
Percentile by Number Answered
Your Score History
You have not taken this quiz